[Event "Porto Carras op 3rd"]
[Site "Porto Carras"]
[Date "2008.07.17"]
[Round "7"]
[White "Nikolaidis, Konstantinos"]
[Black "Papadopoulos, Agathaggelos"]
[Result "1-0"]
[WhiteElo "2279"]
[BlackElo "2091"]
[PlyCount "76"]
[EventDate "2008.07.12"]
[EventType "swiss"]
[EventRounds "9"]
[EventCountry "GRE"]
[SourceTitle "CBM 125 Extra"]
[Source "ChessBase"]
[SourceDate "2008.09.01"]
[SourceVersion "1"]
[SourceVersionDate "2008.09.01"]
[SourceQuality "1"]

1. d4 d5 2. c4 e6 3. Nc3 Be7 4. cxd5 exd5 5. Bf4 c6 6. e3 Bf5 7. g4 Be6 8. h3 Nd7 9. Bg2 Nb6 10. b3 Nf6 11. Nge2 0-0 12. 0-0 h5 13. f3 Qd7 14. Qe1 Nh7 15. Rd1 Rac8 16. Nc1 hxg4 17. hxg4 f5 18. gxf5 Bxf5 19. Nd3 Qe8 20. Ne5 Qh5 21. Ne2 Ng5 22. Ng3 Nh3+ 23. Bxh3 Qxh3 24. Rf2 Bh7 25. Rh2 Qe6 26. Kg2 Nd7 27. Qh1 Nxe5 28. Bxe5 Qg6 29. Rd2 c5 30. dxc5 Bxc5 31. Bd4 Bxd4 32. exd4 Rxf3 33. Kxf3 Rc3+ 34. Ke2 Qg4+ 35. Kf2 Qxg3+ 36. Ke2 Qg4+ 37. Kf2 Qg3+ 38. Ke2 Qg4+ 1-0

[Event "Nikaia op 15th"]
[Site "Nikaia"]
[Date "2007.08.29"]
[Round "8"]
[White "Malamatas, Konstantinos"]
[Black "Papadopoulos, Agathaggelos"]
[Result "0-1"]
[WhiteElo "1901"]
[BlackElo "2106"]
[PlyCount "76"]
[EventDate "2007.08.23"]
[EventType "swiss"]
[EventRounds "9"]
[EventCountry "GRE"]
[SourceTitle "CBM 120 Extra"]
[Source "ChessBase"]
[SourceDate "2007.11.01"]
[SourceVersion "1"]
[SourceVersionDate "2007.11.01"]
[SourceQuality "1"]

1. e4 e5 2. Nf3 Nc6 3. Bc4 Nf6 4. d3 Be7 5. 0-0 0-0 6. Bb3 d6 7. h3 Na5 8. Ba4 c5 9. Re1 a6 10. c3 b5 11. Bc2 Nc6 12. Nbd2 Qc7 13. Nb3 d5 14. exd5 Nxd5 15. d4 exd4 16. cxd4 c4 17. Nc5 Rd8 18. Ne4 h6 19. b3 Ndb4 20. bxc4 bxc4 21. Ne5 Be6 22. Ng3 Nxc2 23. Qxc2 Nb4 24. Qe4 Rac8 25. Nf5 Bf8 26. Re3 Nc6 27. Bb2 Bxf5 28. Qxf5 Nxd4 29. Bxd4 Rxd4 30. Rf3 Rd5 31. Re1 Bb4 32. Qe4 Rxe5 33. Qxe5 Qxe5 34. Rxe5 c3 35. Re1 c2 36. Rc1 Bd2 37. Rxc2 Rxc2 38. Ra3 a5 0-1

[Event "Athens Attikis op"]
[Site "Athens"]
[Date "2006.06.06"]
[Round "7"]
[White "Balaskas, Panayotis"]
[Black "Papadopoulos, Agathaggelos"]
[Result "1-0"]
[WhiteElo "2146"]
[BlackElo "2081"]
[PlyCount "85"]
[EventDate "2006.06.01"]
[EventType "swiss"]
[EventRounds "9"]
[EventCountry "GRE"]
[SourceTitle "EXT 2024"]
[Source "ChessBase"]
[SourceDate "2023.10.10"]
[SourceVersion "1"]
[SourceVersionDate "2023.10.10"]
[SourceQuality "1"]

1. e4 e5 2. f4 Bc5 3. Nf3 d6 4. d4 exd4 5. Nxd4 Nf6 6. Nc3 Qe7 7. Qd3 0-0 8. Be2 Re8 9. Bf3 Nxe4 10. Bxe4 f5 11. Be3 fxe4 12. Qc4+ Qf7 13. Qxf7+ Kxf7 14. 0-0-0 c6 15. h3 Nd7 16. g4 Nb6 17. b3 a5 18. a4 Be6 19. f5 Bd5 20. g5 Kg8 21. h4 g6 22. h5 Bf7 23. hxg6 hxg6 24. f6 Bxd4 25. Bxd4 Nd7 26. Rh4 Bd5 27. Ne2 e3 28. f7+ Kxf7 29. Rh7+ Ke6 30. Nf4+ Kf5 31. Nxd5 cxd5 32. Rxd7 Re6 33. Bf6 Rae8 34. Rxb7 Ke4 35. Rb5 e2 36. Re1 Ke3 37. Rxd5 Rc8 38. Bd4+ Ke4 39. c4 Kd3 40. Be5+ Ke3 41. Bxd6 Rc6 42. Bc5+ Kf3 43. Kd2 1-0

[Event "Athens Attikis op"]
[Site "Athens"]
[Date "2006.06.03"]
[Round "3"]
[White "Poteas, Ioannis"]
[Black "Papadopoulos, Agathaggelos"]
[Result "1-0"]
[WhiteElo "2154"]
[BlackElo "2081"]
[PlyCount "117"]
[EventDate "2006.06.01"]
[EventType "swiss"]
[EventRounds "9"]
[EventCountry "GRE"]
[SourceTitle "EXT 2024"]
[Source "ChessBase"]
[SourceDate "2023.10.10"]
[SourceVersion "1"]
[SourceVersionDate "2023.10.10"]
[SourceQuality "1"]

1. d4 d5 2. Nc3 Nf6 3. Bg5 Nbd7 4. e3 c6 5. Nf3 Qa5 6. Nd2 Ne4 7. Ncxe4 dxe4 8. Bf4 e5 9. dxe5 Nxe5 10. Be2 Be6 11. a3 Ng6 12. b4 Qb6 13. Bg3 Rd8 14. Qc1 h5 15. h3 h4 16. Bh2 f5 17. 0-0 Bd6 18. Bxd6 Rxd6 19. Bc4 Ne5 20. Bxe6 Rxe6 21. Qb2 Rg8 22. Qb3 Ke7 23. f4 exf3 24. Nxf3 Nxf3+ 25. Rxf3 g6 26. Qc3 Kf7 27. Qc4 Rge8 28. Rd1 Kg7 29. Kh1 Rxe3 30. Qxh4 Qc7 31. Rxe3 Rxe3 32. Qd4+ Qe5 33. Qxe5+ Rxe5 34. Rd7+ Kf6 35. Rxb7 Re2 36. c4 f4 37. Rc7 Kf5 38. Rxc6 f3 39. gxf3 g5 40. Kg1 Kf4 41. Rf6+ Kg3 42. Kf1 Ra2 43. Ke1 Rxa3 44. Rf5 Ra4 45. Kd2 Rxb4 46. Kc3 Rb8 47. Rxg5+ Kxf3 48. Ra5 Rb7 49. h4 Ke4 50. h5 Rh7 51. Kb4 Rc7 52. Rc5 Rb7+ 53. Rb5 Rc7 54. h6 Rh7 55. Rh5 Rb7+ 56. Ka5 Rh7 57. c5 Kd4 58. c6 Kc4 59. c7 1-0

[Event "Nikaia op 12th"]
[Site "Nikaia"]
[Date "2004.??.??"]
[Round "6"]
[White "Papargiriou, Anastasios"]
[Black "Papadopoulos, Agathaggelos"]
[Result "1-0"]
[WhiteElo "2115"]
[BlackElo "2005"]
[PlyCount "29"]
[EventDate "2004.08.??"]
[EventType "swiss"]
[EventRounds "9"]
[EventCountry "GRE"]
[SourceTitle "EXT 2007"]
[Source "ChessBase"]
[SourceDate "2006.11.23"]
[SourceVersion "1"]
[SourceVersionDate "2006.11.23"]
[SourceQuality "1"]

1. e4 e5 2. Nf3 Nc6 3. d4 exd4 4. c3 dxc3 5. Bc4 cxb2 6. Bxb2 d5 7. Bxd5 Nf6 8. Bxc6+ bxc6 9. Qc2 Bb4+ 10. Nc3 0-0 11. 0-0 Qe7 12. e5 Nd5 13. Ne4 Bf5 14. Nd4 Qxe5 15. Nxf5 1-0